Small change : money mishaps and how to avoid them (Record no. 76543)

MARC details
000 -LEADER
fixed length control field 01133nam a2200205 a 4500
008 - FIXED-LENGTH DATA ELEMENTS--GENERAL INFORMATION
fixed length control field 211129s2017 ||||||||||||||||| || u
020 ## - INTERNATIONAL STANDARD BOOK NUMBER
International Standard Book Number 9781509889167
050 ## - LIBRARY OF CONGRESS CALL NUMBER
Classification number HJ 2053 Ari
100 ## - MAIN ENTRY--PERSONAL NAME
Personal name Ariely, Dan and Kreisler Jeff
245 10 - TITLE STATEMENT
Title Small change : money mishaps and how to avoid them
Statement of responsibility, etc. By Dan Ariely
260 ## - PUBLICATION, DISTRIBUTION, ETC.
Place of publication, distribution, etc. London
Name of publisher, distributor, etc. Bluebird
Date of publication, distribution, etc. 2017
350 ## -
-- 7.01
650 ## - SUBJECT ADDED ENTRY--TOPICAL TERM
Topical term or geographic name entry element ENGLISH LANGUAGE
650 ## - SUBJECT ADDED ENTRY--TOPICAL TERM
Topical term or geographic name entry element PERSONAL FINANCE
650 ## - SUBJECT ADDED ENTRY--TOPICAL TERM
Topical term or geographic name entry element BUDGETING
995 ## -
-- MAIN LIBRARY OPEN ACCESS
-- 751427
-- CBU-MAIN LIBRARY (Kitwe)
-- 7.01
-- HJ 2053 Ari
-- 1
-- AVAILABLE
-- Nov 30, 2021
-- 751427
-- Main Library Open Access Collection
995 ## -
-- MAIN LIBRARY OPEN ACCESS
-- 751428
-- CBU-MAIN LIBRARY (Kitwe)
-- 7.01
-- HJ 2053 Ari
-- 2
-- AVAILABLE
-- Nov 30, 2021
-- 751428
-- Main Library Open Access Collection
995 ## -
-- MAIN LIBRARY OPEN ACCESS
-- 751429
-- CBU-MAIN LIBRARY (Kitwe)
-- 7.01
-- HJ 2053 Ari
-- 3
-- AVAILABLE
-- Nov 30, 2021
-- 751429
-- Main Library Open Access Collection
995 ## -
-- MEDICAL LIBRARY OPEN ACCESS
-- 905315
-- CBU-SCHOOL OF MEDICINE LIBRARY (Ndola)
-- 7.01
-- HJ 2053 Ari
-- 4
-- AVAILABLE
-- Aug 4, 2022
-- 905315
-- Medical Library Open Access Collection
999 ## -
-- 76543
-- 76543
Holdings
Withdrawn status Lost status Source of classification or shelving scheme Damaged status Not for loan Permanent Location Current Location Shelving location Date acquired Total Checkouts Full call number Barcode Date last seen Copy number Price effective from Koha item type Date last checked out
          CBU-MAIN LIBRARY, KITWE. CBU-MAIN LIBRARY, KITWE.   04/25/2023   HJ 2053 Ari 751427 04/25/2023 1 04/25/2023 MONOGRAPH  
          CBU-MAIN LIBRARY, KITWE. CBU-MAIN LIBRARY, KITWE.   04/25/2023 1 HJ 2053 Ari 751428 03/17/2026 2 04/25/2023 MONOGRAPH 02/04/2026
          CBU-MAIN LIBRARY, KITWE. CBU-MAIN LIBRARY, KITWE.   04/25/2023 1 HJ 2053 Ari 751429 09/09/2024 3 04/25/2023 MONOGRAPH 09/04/2024
          CBU-SCHOOL OF MEDICINE LIBRARY, NDOLA. CBU-SCHOOL OF MEDICINE LIBRARY, NDOLA.   04/25/2023   HJ 2053 Ari 905315 04/25/2023 4 04/25/2023 MONOGRAPH